<?xml version="1.0" encoding="UTF-8"?>
<collection xmlns:xsi="http://www.w3.org/2001/XMLSchema-instance" xsi:schemaLocation="http://www.loc.gov/MARC21/slim http://www.loc.gov/standards/marcxml/schema/MARC21slim.xsd" xmlns="http://www.loc.gov/MARC21/slim">
 <record>
  <leader>00000cam a22000004i 4500</leader>
  <controlfield tag="001">UP-99796217611813746</controlfield>
  <controlfield tag="003">Buklod</controlfield>
  <controlfield tag="005">20151013082614.0</controlfield>
  <controlfield tag="006">a     r    |||| u|</controlfield>
  <controlfield tag="007">ta</controlfield>
  <controlfield tag="008">151013s2014    xx     d     r    |||| u|</controlfield>
  <datafield tag="020" ind1=" " ind2=" ">
   <subfield code="a">9780415527903 (hardback)</subfield>
  </datafield>
  <datafield tag="020" ind1=" " ind2=" ">
   <subfield code="a">0415527902 (hardback)</subfield>
  </datafield>
  <datafield tag="035" ind1=" " ind2=" ">
   <subfield code="a">(iLib)UPD-00249811280</subfield>
  </datafield>
  <datafield tag="040" ind1=" " ind2=" ">
   <subfield code="a">DLC</subfield>
   <subfield code="d">DEDUC</subfield>
   <subfield code="e">rda</subfield>
  </datafield>
  <datafield tag="041" ind1=" " ind2=" ">
   <subfield code="a">eng</subfield>
  </datafield>
  <datafield tag="042" ind1=" " ind2=" ">
   <subfield code="a">DMLUC</subfield>
  </datafield>
  <datafield tag="090" ind1=" " ind2=" ">
   <subfield code="a">PE 1421</subfield>
   <subfield code="b">R68 2014</subfield>
  </datafield>
  <datafield tag="245" ind1="0" ind2="4">
   <subfield code="a">The Routledge handbook of stylistics</subfield>
   <subfield code="c">edited by Michael Burke.</subfield>
  </datafield>
  <datafield tag="246" ind1="3" ind2="0">
   <subfield code="a">Handbook of stylistics</subfield>
  </datafield>
  <datafield tag="264" ind1=" " ind2="1">
   <subfield code="a">London</subfield>
   <subfield code="b">Routledge</subfield>
   <subfield code="c">2014.</subfield>
  </datafield>
  <datafield tag="300" ind1=" " ind2=" ">
   <subfield code="a">xviii, 540 pages</subfield>
   <subfield code="c">26 cm</subfield>
  </datafield>
  <datafield tag="336" ind1=" " ind2=" ">
   <subfield code="a">text</subfield>
   <subfield code="2">rdacontent</subfield>
  </datafield>
  <datafield tag="337" ind1=" " ind2=" ">
   <subfield code="a">unmediated</subfield>
   <subfield code="2">rdamedia</subfield>
  </datafield>
  <datafield tag="338" ind1=" " ind2=" ">
   <subfield code="a">volume</subfield>
   <subfield code="2">rdacarrier</subfield>
  </datafield>
  <datafield tag="490" ind1="0" ind2=" ">
   <subfield code="a">Routledge handbooks in English language studies.</subfield>
  </datafield>
  <datafield tag="504" ind1=" " ind2=" ">
   <subfield code="a">Includes bibliographical references and index.</subfield>
  </datafield>
  <datafield tag="505" ind1="0" ind2=" ">
   <subfield code="a">Rhetoric and poetics: the classical heritage of stylistics / Michael Burke -- Formalist stylistics / Michael Burke and Kristy Evers -- Functionalist stylistics / Patricia Canning -- Reader response criticism and stylistics / Jennifer Riddle Harding -- The linguistic levels of foregrounding in stylistics / Christiana Gregoriou -- (New) historical stylistics / Beatrix Busse -- Stylistics, speech acts and im/politeness theory / Derek Bousfield -- Stylistics, conversation analysis and the cooperative principle / Marina Lambrou -- Stylistics and relevance theory / Billy Clark -- Stylistics, point of view and modality / Clara Neary -- Stylistics and narratology / Dan Shen -- Metaphor and stylistics / Szilvia Csâabi -- Speech and thought presentation in stylistics / Joe Bray -- Pedagogical stylistics / Geoff Hall -- Stylistics, drama and performance / Andrea Macrae -- Schema theory in stylistics / Catherine Emmott, Marc Alexander, and Agnes Marszalek -- Stylistics and text world theory / Ernestine Lahey -- Stylistics and blending / Barbara Dancygier -- Cognitive poetics / Margaret H. Freeman -- Quantitative methodological approaches to stylistics / Olivia Fialho and Sonia Zyngier -- Feminist stylistics / Rocâio Montoro -- Literary pragmatics and stylistics / Chantelle Warner -- Corpus stylistics / Michaela Mahlberg -- Stylistics and translation / Jean Boase-Beier -- Critical stylistics / Lesley Jeffries -- Creative writing and stylistics / Jeremy Scott -- Stylistics and real readers / David Peplow and Ronald Carter -- Stylistics and film / Michael Toolan -- Multimodality and stylistics / Nina N²rgaard -- Stylistics and comics / Charles Forceville, Elisabeth El Refaie, and Gert Meesters -- Stylistics and hypertext fiction / Paola Trimarco -- Stylistics, emotion and neuroscience / Patrick Colm Hogan.</subfield>
  </datafield>
  <datafield tag="650" ind1=" " ind2="0">
   <subfield code="a">English language</subfield>
   <subfield code="x">Style.</subfield>
  </datafield>
  <datafield tag="650" ind1=" " ind2="0">
   <subfield code="a">English language</subfield>
   <subfield code="x">Rhetoric.</subfield>
  </datafield>
  <datafield tag="650" ind1=" " ind2="0">
   <subfield code="a">Style, Literary.</subfield>
  </datafield>
  <datafield tag="700" ind1="1" ind2=" ">
   <subfield code="a">Burke, Michael</subfield>
   <subfield code="d">1964-</subfield>
   <subfield code="e">editor.</subfield>
  </datafield>
  <datafield tag="905" ind1=" " ind2=" ">
   <subfield code="a">FO</subfield>
  </datafield>
  <datafield tag="852" ind1="0" ind2=" ">
   <subfield code="a">UPD</subfield>
   <subfield code="b">DEDUC</subfield>
   <subfield code="h">PE 1421</subfield>
   <subfield code="i">R68 2014</subfield>
  </datafield>
  <datafield tag="852" ind1="0" ind2=" ">
   <subfield code="a">UPD</subfield>
   <subfield code="b">DMC</subfield>
   <subfield code="h">PE 1421</subfield>
   <subfield code="i">R68 2014</subfield>
  </datafield>
  <datafield tag="942" ind1=" " ind2=" ">
   <subfield code="a">Book</subfield>
  </datafield>
 </record>
</collection>
